[Event "4NCL Division 1b"]
[Site "Telford ENG"]
[Date "2019.03.16"]
[Round "7.51"]
[White "Antoniewski, Rafal"]
[Black "Willow, Jonah B"]
[Result "1/2-1/2"]
[WhiteTitle "GM"]
[BlackTitle "FM"]
[WhiteElo "2500"]
[BlackElo "2318"]
[WhiteTeam "Manx Liberty"]
[BlackTeam "Wood Green"]
[WhiteFideId "1111078"]
[BlackFideId "438804"]
[EventDate "2018.11.10"]

1. e4 c5 2. Nc3 Nc6 3. Nf3 e6 4. d4 cxd4 5. Nxd4 Qc7 6. Be3 Nf6 7. f4 Bb4 8. Nb5
Qa5 9. e5 Nd5 10. Bd2 Nxc3 11. Bxc3 O-O 12. Qd2 Bxc3 13. Nxc3 f6 14. exf6 Rxf6
15. O-O-O d5 16. Kb1 Rb8 17. g3 b5 18. Bg2 b4 19. Ne2 Ba6 20. Nc1 Qb6 21. Rhe1
Na5 22. Qd4 Qxd4 23. Rxd4 Kf7 24. h4 Nc6 25. Rd2 Bc4 26. Bh3 g6 27. Bg4 Ne7 28.
Nd3 Bxd3 29. Rxd3 Nf5 30. c3 Nd6 31. cxb4 Rxb4 32. Rc1 Nc4 33. b3 Rb7 34. Ka1
Nd6 35. h5 Ne4 36. hxg6+ hxg6 37. Re3 g5 38. Rh1 Ke7 39. fxg5 Nxg5 40. Rh5 Ne4
41. Bf3 Nxg3 42. Rh7+ Rf7 43. Bxd5 Rxh7 44. Bxb7 1/2-1/2

[Event "4NCL Division 1b"]
[Site "Telford ENG"]
[Date "2019.03.16"]
[Round "7.73"]
[White "Milliet, Sophie"]
[Black "Bates, Richard A"]
[Result "1/2-1/2"]
[WhiteTitle "IM"]
[BlackTitle "IM"]
[WhiteElo "2400"]
[BlackElo "2348"]
[WhiteTeam "Guildford"]
[BlackTeam "Blackthorne Russia"]
[WhiteFideId "623725"]
[BlackFideId "403555"]
[EventDate "2018.11.10"]

1. e4 c5 2. Nf3 d6 3. d4 cxd4 4. Qxd4 e5 5. Bb5+ Nd7 6. Qd3 Be7 7. c4 Nf6 8. Nc3
O-O 9. Be3 a6 10. Bxd7 Bxd7 11. O-O b5 12. cxb5 axb5 13. Bg5 b4 14. Bxf6 Bxf6
15. Nd5 Rb8 16. Rfd1 Bg5 17. a4 bxa3 18. Qxa3 Be6 19. Nc3 Be7 20. b4 Qb6 21. b5
Rfc8 22. h3 Bf8 1/2-1/2

[Event "4NCL Div 1c 2018-19"]
[Site "Telford ENG"]
[Date "2019.03.17"]
[Round "8.21"]
[White "Tan, Justin2"]
[Black "Gormally, Daniel W"]
[Result "1-0"]
[WhiteTitle "GM"]
[BlackTitle "GM"]
[WhiteElo "2515"]
[BlackElo "2501"]
[WhiteTeam "Wood Green"]
[BlackTeam "Blackthorne Russia"]
[WhiteFideId "3206882"]
[BlackFideId "406465"]
[EventDate "2018.11.10"]

1. e4 c5 2. Nf3 d6 3. d4 cxd4 4. Nxd4 Nf6 5. Nc3 a6 6. Nb3 e6 7. g4 h6 8. h4 d5
9. Bg2 d4 10. Nxd4 e5 11. Nf5 Qxd1+ 12. Nxd1 Nxg4 13. Nde3 Nxe3 14. Nxe3 Be6 15.
Bh3 Bxh3 16. Rxh3 Nc6 17. Nd5 O-O-O 18. c3 f5 19. f3 Ne7 20. Nb6+ Kc7 21. Be3
Rd6 22. Nc4 Re6 23. a4 fxe4 24. fxe4 Ng8 25. O-O-O Nf6 26. Rf3 b5 27. axb5 axb5
28. Nd2 Bd6 29. Rg1 Re7 30. Kc2 Kd7 31. Rg6 Rf7 32. Rf5 Ke7 33. h5 Rc8 34. Bf2
Ne8 35. Kd3 Kf8 36. Re6 Rd8 37. Kc2 Rd7 38. Bh4 Nc7 39. Rg6 Rxf5 40. exf5 Nd5
41. f6 gxf6 42. Bxf6 Ne3+ 43. Kb3 Nf5 44. Ne4 Bc7 45. Bh8 Ke7 46. Bg7 Rd3 47.
Bxh6 Rh3 48. Bg5+ Kd7 49. Nc5+ 1-0

[Event "4NCL Div 1c 2018-19"]
[Site "Telford ENG"]
[Date "2019.03.17"]
[Round "8.47"]
[White "Wall, Tim P"]
[Black "Jaracz, Barbara"]
[Result "1-0"]
[WhiteTitle "FM"]
[BlackTitle "WGM"]
[WhiteElo "2241"]
[BlackElo "2199"]
[WhiteTeam "White Rose"]
[BlackTeam "Manx Liberty"]
[WhiteFideId "401641"]
[BlackFideId "1107453"]
[EventDate "2018.11.10"]

1. e4 e5 2. Nc3 Nc6 3. Bc4 Nf6 4. d3 Bb4 5. Ne2 d5 6. exd5 Nxd5 7. O-O Be6 8.
Bb3 O-O 9. Ne4 Be7 10. f4 exf4 11. Nxf4 Nxf4 12. Bxf4 Bxb3 13. axb3 f5 14. Nc3
Bd6 15. Ne2 a6 16. c3 Qe7 17. Qd2 Rae8 18. Rae1 Qd7 19. d4 Ne7 20. Bxd6 Qxd6 21.
Nf4 Nd5 22. Nd3 g6 23. Rxe8 Rxe8 24. Re1 Rxe1+ 25. Qxe1 Nf6 26. Nc5 b6 27. Nxa6
Ne4 28. Nb4 c5 29. Nc2 Qe6 30. c4 f4 31. Qe2 g5 32. b4 cxb4 33. Nxb4 Qf5 34. Nd5
Kg7 35. Qd3 Qe6 36. Qe2 Qf5 37. Nxb6 g4 38. Nd5 f3 39. Qe3 f2+ 40. Kf1 g3 41.
hxg3 Qg4 42. Nc3 Nxg3+ 43. Kxf2 Nf5 44. Qe5+ Kg6 45. Ne2 Qh4+ 46. g3 Qh2+ 47.
Ke1 Qh1+ 48. Kd2 Qb7 49. Nf4+ Kg5 50. Nh3+ Kg4 51. Nf2+ Kg5 52. Ne4+ 1-0

[Event "4NCL Div 1d 2018-19"]
[Site "Telford ENG"]
[Date "2019.05.04"]
[Round "9.71"]
[White "Zakarian, David"]
[Black "Gordon, Stephen J"]
[Result "0-1"]
[WhiteTitle "FM"]
[BlackTitle "GM"]
[WhiteElo "2341"]
[BlackElo "2533"]
[WhiteTeam "Oxford"]
[BlackTeam "3Cs"]
[WhiteFideId "13301276"]
[BlackFideId "411477"]
[EventDate "2018.11.10"]

1. e4 c5 2. Nf3 d6 3. Bb5+ Nd7 4. c3 Nf6 5. Qe2 a6 6. Ba4 b5 7. Bc2 Bb7 8. O-O
e6 9. d4 Be7 10. a4 O-O 11. Nbd2 Qc7 12. e5 dxe5 13. dxe5 Nd5 14. Qd3 g6 15. Re1
c4 16. Qd4 Nc5 17. Qg4 Nb6 18. Nd4 bxa4 19. h4 Nd3 20. Bxd3 cxd3 21. h5 a3 22.
hxg6 hxg6 23. Qg3 Kg7 24. Qxd3 Rh8 25. b3 Rh5 26. Nf1 Nd5 27. Nf3 Qxc3 28. Qxc3
Nxc3 29. Bxa3 Bxa3 30. Rxa3 Rah8 31. N3h2 Rh4 32. f3 Rb4 33. Nd2 g5 34. Re3 Rc8
35. Nc4 Nb5 36. Ra1 Nd4 37. Ra2 Nxb3 38. Nd6 Rc1+ 39. Kf2 a5 40. Nxb7 Rxb7 41.
Ng4 Rc5 42. Re4 Nc1 43. Rd2 Rb2 44. Ke1 Rxd2 45. Kxd2 Nb3+ 46. Kd3 Rd5+ 47. Kc3
Nc5 48. Rd4 Rxd4 49. Kxd4 Na6 50. Kc4 Nc7 51. Kb3 Nd5 52. Ka4 Nf4 53. Ne3 Nd3
54. Ng4 Ne1 55. Ne3 Kg6 56. Kxa5 Kh5 57. Kb5 Kh4 58. Kc5 Kg3 59. Kd6 Nxg2 60.
Ng4 Kxf3 61. Nh6 g4 62. Nxf7 Nf4 63. Ng5+ Ke3 64. Nxe6 Nxe6 65. Kxe6 g3 66. Kd7
g2 67. e6 g1=Q 68. e7 Qg7 69. Ke6 Qg8+ 70. Kd7 Qd5+ 0-1

[Event "4NCL Div 1c 2018-19"]
[Site "Telford ENG"]
[Date "2019.05.05"]
[Round "10.36"]
[White "Wadsworth, Matthew J"]
[Black "Jackson, James P"]
[Result "1-0"]
[WhiteTitle "FM"]
[BlackTitle "FM"]
[WhiteElo "2413"]
[BlackElo "2388"]
[WhiteTeam "Guildford"]
[BlackTeam "Barbican 4NCL"]
[WhiteFideId "415804"]
[BlackFideId "416860"]
[EventDate "2018.11.10"]

1. g3 g6 2. Bg2 Bg7 3. Nf3 Nf6 4. c4 O-O 5. Nc3 d6 6. O-O e5 7. d3 h6 8. Rb1 a5
9. a3 Be6 10. Nd2 Qc8 11. Re1 Bh3 12. Bh1 Ng4 13. Nd5 Qd8 14. Qb3 Ra7 15. Ne4 a4
16. Qd1 f5 17. f3 fxe4 18. fxg4 exd3 19. exd3 Qd7 20. g5 Bg4 21. Qc2 hxg5 22.
Bxg5 Nc6 23. Be3 Raa8 24. Be4 Kh7 25. Rf1 Bh3 26. Rf2 Rxf2 27. Qxf2 Bf5 28. Qf3
Bxe4 29. Qxe4 Rf8 30. Kg2 Qf7 31. Re1 Bh6 32. Qh4 Qf3+ 33. Kg1 g5 34. Qh3 1-0

[Event "4NCL Div 1c 2018-19"]
[Site "Telford ENG"]
[Date "2019.05.05"]
[Round "10.42"]
[White "Ansell, Simon T"]
[Black "Adair, James R"]
[Result "1/2-1/2"]
[WhiteTitle "IM"]
[BlackTitle "IM"]
[WhiteElo "2333"]
[BlackElo "2474"]
[WhiteTeam "Blackthorne Russia"]
[BlackTeam "White Rose"]
[WhiteFideId "402141"]
[BlackFideId "406252"]
[EventDate "2018.11.10"]

1. d4 Nf6 2. Bf4 g6 3. Nc3 d5 4. e3 Bg7 5. h4 c6 6. Be2 Qb6 7. Rb1 h6 8. Nf3 Bg4
9. Ne5 Bxe2 10. Qxe2 Nbd7 11. O-O O-O 12. b4 e6 13. Rb3 Rfc8 14. Bg3 h5 15. Rd1
Qd8 16. Nxd7 Nxd7 17. Na4 b5 18. Nc5 Nxc5 19. bxc5 Bf6 20. e4 Bxh4 21. Bxh4 Qxh4
22. e5 Rf8 23. Rh3 Qe7 24. Rdd3 Kg7 25. Rdf3 f5 26. exf6+ Rxf6 27. Qe5 Rf8 28.
Rfg3 Rh8 29. Ra3 Rf8 30. Rag3 Rh8 31. Rf3 Rf8 32. Rfg3 1/2-1/2

[Event "4NCL Div 1d 2018-19"]
[Site "Telford ENG"]
[Date "2019.05.05"]
[Round "10.84"]
[White "Jones, Steven A"]
[Black "Willow, Jonah B"]
[Result "0-1"]
[BlackTitle "FM"]
[WhiteElo "2128"]
[BlackElo "2318"]
[WhiteTeam "West is Best"]
[BlackTeam "Wood Green"]
[WhiteFideId "419630"]
[BlackFideId "438804"]
[EventDate "2018.11.10"]

1. e4 c5 2. Nf3 e6 3. d4 cxd4 4. Nxd4 Nc6 5. Nc3 Qc7 6. Be3 Nf6 7. f4 Bb4 8. Nb5
Qa5 9. Bd2 a6 10. e5 axb5 11. exf6 Bxc3 12. bxc3 gxf6 13. Qg4 Ke7 14. Qg7 Qd8
15. g3 d6 16. Bxb5 Bd7 17. Bd3 h5 18. Rb1 Na5 19. Bg6 Qe8 20. Bd3 Qc8 21. Kd1
Qc6 0-1

[Event "4NCL Div 1c 2018-19"]
[Site "Telford ENG"]
[Date "2019.05.06"]
[Round "11.32"]
[White "Collins, Sam E."]
[Black "Bates, Richard A"]
[Result "1-0"]
[WhiteTitle "IM"]
[BlackTitle "IM"]
[WhiteElo "2446"]
[BlackElo "2348"]
[WhiteTeam "Barbican 4NCL"]
[BlackTeam "Blackthorne Russia"]
[WhiteFideId "2501198"]
[BlackFideId "403555"]
[EventDate "2018.11.10"]

1. e4 c5 2. Nf3 d6 3. Bb5+ Nd7 4. c3 Nf6 5. Qe2 a6 6. Ba4 Qc7 7. O-O c4 8. Bc2
Ne5 9. Nxe5 dxe5 10. d3 cxd3 11. Bxd3 Bg4 12. f3 Bh5 13. Be3 e6 14. Nd2 Bc5 15.
Bxc5 Qxc5+ 16. Qf2 Qxf2+ 17. Kxf2 Ke7 18. Ke3 g5 19. Nc4 Nd7 20. Be2 f6 21. Rfd1
Rac8 22. a4 Rc7 23. a5 Rhc8 24. Ra4 Nc5 25. Rb4 Be8 26. h4 gxh4 27. Rh1 Rd8 28.
Rxh4 Kf8 29. g4 Kg7 30. Nb6 Bc6 31. Rh1 h6 32. Rd1 Rxd1 33. Bxd1 Bb5 34. Bc2 h5
35. gxh5 Kh6 36. Na4 Nd7 37. Bd3 Bc6 38. Rc4 Rc8 39. Nc5 Nxc5 40. Rxc5 Kxh5 41.
f4 Kg6 42. fxe5 fxe5 43. Rxe5 Kf6 44. Rh5 e5 45. Rf5+ Ke6 46. Bc4+ Kd6 47. Rf6+
Kc7 48. Re6 Re8 49. Rxe8 Bxe8 50. b4 Ba4 51. Bd3 1-0

[Event "4NCL Div 1d 2018-19"]
[Site "Telford ENG"]
[Date "2019.05.06"]
[Round "11.57"]
[White "MacQueen, Calum"]
[Black "Reeve, Andy K"]
[Result "0-1"]
[WhiteElo "2237"]
[BlackElo "2078"]
[WhiteTeam "Alba"]
[BlackTeam "3Cs"]
[WhiteFideId "2402270"]
[BlackFideId "437255"]
[EventDate "2018.11.10"]

1. d4 d6 2. e4 Nf6 3. Nc3 c6 4. f4 Qa5 5. e5 Ne4 6. Qf3 d5 7. Bd3 Na6 8. Ne2 Nb4
9. O-O Nxd3 10. cxd3 Nxc3 11. bxc3 g6 12. Be3 h5 13. h3 h4 14. Bf2 Bf5 15. Kh1
e6 16. a4 Be7 17. Rfc1 O-O-O 18. c4 g5 19. cxd5 Qxd5 20. Qe3 Rdg8 21. Nc3 Qxg2+
22. Kxg2 gxf4+ 23. Kf3 fxe3 24. Bxe3 Rg3+ 25. Kf2 Rhg8 0-1

[Event "4NCL Div 1d 2018-19"]
[Site "Telford ENG"]
[Date "2019.05.06"]
[Round "11.63"]
[White "Coathup, Roger H"]
[Black "Hoffmann, Hendrik"]
[Result "0-1"]
[BlackTitle "FM"]
[WhiteElo "2145"]
[BlackElo "2258"]
[WhiteTeam "North East England"]
[BlackTeam "Celtic Tigers"]
[WhiteFideId "407062"]
[BlackFideId "4618130"]
[EventDate "2018.11.10"]

1. c4 Nf6 2. d4 c6 3. Nc3 d5 4. cxd5 cxd5 5. Bf4 Nh5 6. Bxb8 Rxb8 7. e4 Nf6 8.
e5 Ne4 9. Bd3 Nxc3 10. bxc3 Qa5 11. Ne2 e6 12. O-O Be7 13. Qb3 O-O 14. a4 Bd7
15. f4 f5 16. Rfb1 h6 17. c4 Bc6 18. Nc3 Rfd8 19. cxd5 Bxd5 20. Bc4 Bxc4 21.
Qxc4 Rxd4 22. Qxe6+ Kh8 23. Qxe7 Qxc3 24. Ra3 Qc2 25. Rf1 Rbd8 26. Rg3 R4d7 27.
Qb4 Rd1 28. Rf3 Rxf1+ 29. Rxf1 b6 30. Qe7 Rd2 31. Qb7 Qc5+ 32. Kh1 Rf2 33. Rg1
Rxf4 34. Qxa7 Re4 0-1